00771nam a2200217 i 450000100060000000300090000600500170001500700030003200800410003510000270007624501220010325000150022526000330024030000220027349000250029570000300032083000330035085200320038399900170041595201210043236574ES-MaACL20250804062528.0t|030218s1981 sp ||||1| spa d1 aBrown, J. A. C.93199810aTécnicas de persuasión b: de la propaganda al lavado de cerebro /cJ.A.C. Brown ; [traductor, Rafael Mazarrasa]. a[2ª ed.]. aMadrid : bAlianza, c[1981] a303 p. ; c18 cm.1 aEl libro de bolsillo1 aMazarrasa, Rafael.97946203aEl libro de bolsillo9177802 aES-MaACLjL-2373 bR.102739 c36574d36574 00104070aATENEOMbATENEOMcDEPO2d2008-01-17eSCl0oL-2373p1038438r2023-02-23 00:00:00w2023-02-23yMONOGRAFIA